Normal view
MARC view
- Santolaya Ruiz- Clavijo, Dori
Entry Nombre Personal
001 - NUMERO DE CONTROL
- campo de control: 35817
003 - IDENTIFICADOR DE NUMERO DE CONTROL
- campo de control: UPN
005 - FECHA Y HORA DE LA ÜLTIMA TRANSACCIÓN
- campo de control: 20210219194507.0
008 - DATOS DE LONGITUD FIJA
- campo de control de longitud fija: nabaccnnaabn|||||||||| b |nc|||||d
035 ## - NUMERO DE CONTROL
- Número de control: UPN11000007924
040 ## - FUENTE DE CATALOGACIÓN
- Lenguaje de catalogación: SPA
- Agencia de transcripción: UPN
053 #4 - NÚMERO DE CLASIFICACIÓN LC
- Número de clasificación elemento-número único o número inicial de tramo: PQ6719 A5.7
100 1# - ENCABEZAMIENTO - NOMBRE PERSONAL
- Nombre personal: Santolaya Ruiz- Clavijo, Dori
670 ## - FUENTE EN LA QUE SE LOCALIZARON DATOS
- Cita de la fuente: T
- Uniform Resource Identifier: http://educacionenvalores.org/spip.php?article2668
680 ## - NOTA PUBLICA DE ACCESO PÚBLICO
- Frase explicativa de la referencia: Periodista y autora de libros infantiles española
902 ## - CATALOGADOR
- Catalogador: MITM/180914
